000
00188 a2200097 4500
020
_a
9781585740215
041
_a
eng
100
_a
Susan Carol Hauser
245
_a
Outwitting
942
_c
BK
999
_c
30058
_d
30056